| 000 | 01000cam a2200301 a 4500 | ||
|---|---|---|---|
| 001 | 14567523 | ||
| 005 | 20160808102047.0 | ||
| 008 | 060925s2008 maua 001 0 eng | ||
| 010 | _a 2006052016 | ||
| 020 | _a9780205510757 | ||
| 020 | _a0205510752 | ||
| 035 | _a(OCoLC)ocm71952281 | ||
| 035 | _a(OCoLC)71952281 | ||
| 040 |
_aDLC _cDLC _dDLC |
||
| 050 | 0 | 0 |
_aLB3051 _b.P6142 2008 |
| 082 | 0 | 0 |
_a371.26 _222 _bPOP |
| 100 | 1 |
_aPopham, W. James. _95491 |
|
| 245 | 1 | 0 |
_aClassroom assessment : _bwhat teachers need to know / _cW. James Popham. |
| 250 | _a5th ed. | ||
| 260 |
_aBoston : _bPearson/Allyn and Bacon, _cc2008. |
||
| 300 |
_axviii, 366 p. : _bill. (some col.) ; _c24 cm. |
||
| 500 | _aIncludes index. | ||
| 650 | 0 |
_aEducational tests and measurements. _95492 |
|
| 650 | 0 |
_aExaminations _xValidity. _95494 |
|
| 650 | 0 |
_95493 _aExaminations _xDesign and construction |
|
| 942 |
_2ddc _cBB |
||
| 999 |
_c11661 _d11661 |
||